Journal of the ACM

Saved in:
Bibliographic Details
Format: Serial
Published: 1995
Tags: Add Tag
No Tags, Be the first to tag this record!

MARC

LEADER 00000nas a22000003a 4500
001 stu64014
005 20141122001700.2
008 011106s1995----------------------------d
040 |a STU  |b slo 
041 0
245 |a Journal of the ACM 
260 |c 1995 
500 |a 1-6 
500 |a 6 
773 0 |t Journal of the ACM /  |w stu_us_cat*stu60017  |x 0004-5411  |7 nnas 
996 |d Vol. 42, 1995  |v Vol. 42  |y 1995  |l EE0103  |s A  |a 24  |w stu64014_0001